[Event "4 Festival Internazionale"]
[Site "Astoria - Fermo"]
[Date "2020.11.08"]
[Round "4"]
[White "Luciani , Valerio"]
[Black "fabio, Bruno"]
[Result "1-0"]
[WhiteElo "2158"]
[BlackElo "2442"]
[PlyCount "83"]
[EventDate "2020.11.08"]
[SourceDate "2020.11.08"]

1. d4 Nf6 2. g3 d5 3. Bg2 c6 4. Nf3 Bf5 5. Nbd2 h6 6. O-O e6 7. b3 Nbd7 8. Bb2
Be7 9. Ne5 O-O 10. Re1 Nb6 11. e4 Bh7 12. Nd3 a5 13. a4 Qc7 14. Qe2 Rfe8 15.
Rac1 Rad8 16. Bc3 dxe4 17. Nxe4 Nbd5 18. Bb2 Nb4 19. Ne5 Nbd5 20. Nd3 Nxe4 21.
Bxe4 Bxe4 22. Qxe4 Bb4 23. c3 Be7 24. c4 Nf6 25. Qf3 Qb6 26. Ne5 Rf8 27. Rcd1
Nh7 28. h4 Nf6 29. Rd3 Qc7 30. Kg2 Nd7 31. Ng4 Rfe8 32. Bc1 Nf8 33. Nxh6+ gxh6
34. Bxh6 f5 35. Rde3 Rxd4 36. Qh5 Red8 37. Rxe6 Nxe6 38. Qg6+ Kh8 39. Rxe6 Rg4
40. Qf7 Rd7 41. Bg7+ Rxg7 42. Rh6+ 1-0